| 000 | 00574nam a2200193Ia 4500 | ||
|---|---|---|---|
| 003 | IN-BaIIA | ||
| 008 | 211028s9999 xx 000 0 eng d | ||
| 040 | _cIIA Library | ||
| 080 |
_a512.643 _bAYR |
||
| 100 |
_aAyres, Frank _96074 |
||
| 245 | 0 |
_aSchaum's outline of theory and problems of matrices _cFrank Ayres |
|
| 260 |
_aNew York _bMcGraw-Hill _c1962 |
||
| 300 | _a219p. | ||
| 490 | _aSchaum's outline series | ||
| 650 |
_aMatrices _92806 |
||
| 650 |
_aMatrix analysis _94294 |
||
| 650 | _aNASA thesaurus | ||
| 942 | _cBK | ||
| 999 |
_c3432 _d3432 |
||